Statistieken voor Raad de woorden in het Suzan en Freek lied. #1

Klik hier om de quiz te nemen!

Algemene statistieken

  • Deze quiz is 60 keer genomen
  • De gemiddelde score is 203 van 331

Antwoordstatistieken

Lyrics% Correct
ik
95%
de
86%
het
86%
jou
81%
ben
79%
je
79%
jij
79%
een
77%
me
77%
we
77%
als
72%
dag
72%
dan
72%
dat
72%
en
72%
niet
72%
naar
70%
wij
67%
door
65%
mee
65%
weet
65%
blauwe
63%
is
63%
van
63%
hier
60%
in
58%
ons
58%
op
58%
beneden
56%
bij
56%
heb
56%
wil
56%
alleen
53%
dondert
53%
er
53%
hoe
53%
met
53%
nee
53%
nog
53%
seconde
53%
zon
53%
bent
51%
meer
51%
regen
51%
weer
51%
loop
49%
nooit
49%
stad
49%
zei
49%
doe
47%
fiets
47%
hemel
47%
nu
47%
val
47%
waar
47%
wat
47%
zie
47%
gaat
44%
hebt
44%
kan
44%
laten
44%
leven
44%
lucht
44%
tot
44%
vergeten
44%
zouden
44%
altijd
42%
dansen
42%
morgen
42%
vluchten
42%
loopt
40%
nodig
40%
nou
40%
open
40%
valt
40%
gezegd
37%
heel
37%
wanneer
37%
wereld
37%
zonder
37%
anders
35%
donker
35%
ging
35%
licht
35%
ooit
35%
deed
33%
gaten
33%
grond
33%
kijkt
33%
lig
33%
nauwelijks
33%
voorheen
33%
vroeger
33%
want
33%
zelf
33%
dal
30%
ergens
30%
ken
30%
lachen
30%
moeilijk
30%
niemand
30%
plek
30%
top
30%
zoals
30%
degene
28%

Scoreverdeling

Percentiel versus Aantal Correcte Antwoorden

Procent van Mensen met Elke Score

Uw Scoregeschiedenis

U heeft deze quiz nog niet genomen